Vatican Politics : At the Second Vatican Council, 1962-5 /

Guardado en:
Detalles Bibliográficos
Autor principal: Bull, George (autor)
Formato: Libro
Idioma:Inglés
Publicado: Londres, Inglaterra : Oxford University : Royal Institute of International Affairs, 1966, c1966
Etiquetas: Agrega una etiqueta
Sin etiquetas, Sé el primero en etiquetar este registro!

MARC

LEADER 00000nam^a2200000^a^4500
001 000560978
005 20250521000000.0
009 20260310131914.086
037 |a Acervo ITESO - Biblioteca 
041 |a ING 
091 |a FGM. 01367 
100 |a Bull, George  |e (autor) 
245 1 0 |a Vatican Politics :  |b At the Second Vatican Council, 1962-5 / 
264 4 |a Londres, Inglaterra :  |b Oxford University :  |b Royal Institute of International Affairs,  |c 1966, c1966 
300 |a VI, 157 p. 
336 |a texto  |b txt  |2 rdacontenido 
337 |a sin mediación  |b n  |2 rdamedio 
338 |a volumen  |b nc  |2 rdasoporte 
649 |a XX 
910 |a Fondo Efraín González Morfín 
920 |a Impresos - Libros 
930 |a Fondos Especiales 
905 |a 130 
901 |a 0500377980  |b IT2  |c ESL  |i D95961  |u 20250521 
902 |a https://opac.biblio.iteso.mx/vufind/Record/000560978